Premier League Appearances by Nationality: Algeria - Statistics

General Stats
  • This quiz has been taken 12 times
  • The average score is 3 of 10
Answer Stats
Appearances Player % Correct
284 Riyad Mahrez
100%
142 Rayan Ait-Nouri
73%
40 Islam Slimani
45%
110 Said Benrahma
36%
21 Sofiane Feghouli
36%
58 Nabil Bentaleb
18%
52 Hamer Bouazza
9%
84 Adlene Guedioura
0%
33 Ali Benarbia
0%
48 Nadir Belhadj
0%
No matching quizzes found
Score Distribution
Percent of People with Each Score
Percentile by Number Answered
Your Score History
You have not taken this quiz